000 00590nam a2200181Ia 4500
001 23811
005 20260414151002.0
008 260414t2014||||xx |||||||||||||| ||spa||
041 _aESP
082 _a709.85033
_bB25
100 _aBarriga Tello, Martha
_eAUT
245 0 _aLuces en el arte del siglo XVIII :
_bjúbilos de Lima en la dedicación de su santa iglesia cathedral, instaurada (en gran parte) de la ruina, que padeció con el terremoto de el año 1746
260 _c2014
300 _a270 páginas :
_c23 cm.
650 _aABD
654 _aCAU
942 _cLIB
_dJUS
_fJUS
_2ddc
_n
999 _c23811
_d23811